| 000 | 01420nam a2200373 a 4500 | ||
|---|---|---|---|
| 999 |
_c193690 _d193690 |
||
| 003 | BLK | ||
| 005 | 20240618151839.0 | ||
| 008 | 180411b bul|||||r ||||||| ||bul|| | ||
| 010 | _aKNG00202912000 | ||
| 020 | _a978-954-28-1887-8 | ||
| 040 | _aBLK | ||
| 041 |
_aBUL _cBUL |
||
| 080 |
_aАмериканска литература (на САЩ) _b821.111(73) _x-312.9 _z821.111(73)-312.9 |
||
| 100 | 1 |
_aДжемисин, Н. К. _eпърви автор _960717 |
|
| 139 |
_aДжемисин, Н. К. _bД 50 |
||
| 245 | 1 | 0 |
_aЗасенчено слънце _bРоман _cН. К. Джемисин; прев. от англ. Павел Грозданов Главусанов. |
| 257 | _aUSA | ||
| 260 |
_aСофия _bСиела Норма _c2015 |
||
| 300 |
_a536 с. _c21 см |
||
| 380 | _aX | ||
| 490 |
_aСънната кръв : Дуалогия _vКн. 2 _9209001 |
||
| 500 | _aОриг. загл. The Shadowed Sun / N. K. Jemisin. - Кн.2 от дуалогията Сънната кръв. | ||
| 653 | _aфентъзи | ||
| 653 | _aромани | ||
| 659 | _aН | ||
| 700 |
_aГлавусанов, Павел Грозданов _9241906 |
||
| 852 |
_aЦб 312036 _bЦб |
||
| 856 | 4 | _qpdf | |
| 856 | 4 | _qpdf | |
| 942 |
_cKNG _n0 _04 _s1 |
||
| 944 |
_aCR _c14.03.2017 _lГеновева Генчева _k30560 |
||
| 944 |
_aED _c16.03.2017 _lb / _kЛюдмила_Стоянова |
||
| 999 | _d193690 | ||